Statistics for Bugs by Picture

Click here to take the quiz!

General Stats

  • This quiz has been taken 100 times
  • The average score is 15 of 16

Answer Stats

Answer% Correct
Ant
100%
Fly
100%
Honey Bee
100%
Monarch Butterfly
100%
Ladybug
99%
Silk Moth
99%
Wasp
99%
Scarab Beetle
98%
Praying Mantis
96%
Cockroach
95%
Dragonfly
95%
Grasshopper
95%
Cricket
90%
Stick bug
89%
Flea
74%
Lanternfly
25%

Score Distribution

Percentile by Number Answered

Percent of People with Each Score

Your Score History

You have not taken this quiz